000 00372nam a2200145Ia 4500
008 220216s9999 xx 000 0 und d
100 _aDonald H H
245 0 _aWill India join polyester tyre reinforcement?
260 _bRubber Asia
_c1998
300 _a73-75
650 _aPolyester fibres
650 _aTyre reinforcement
700 _aPomies Frederic
942 _cJS
999 _c72435
_d72435